<?xml version="1.0" encoding="UTF-8"?>
<record
    xmlns:xsi="http://www.w3.org/2001/XMLSchema-instance"
    xsi:schemaLocation="http://www.loc.gov/MARC21/slim http://www.loc.gov/standards/marcxml/schema/MARC21slim.xsd"
    xmlns="http://www.loc.gov/MARC21/slim">

  <leader>01173nas a2200241 454500</leader>
  <controlfield tag="001">13364</controlfield>
  <controlfield tag="005">20260407193505.0</controlfield>
  <controlfield tag="008">260407s2013####ag###########|||spa#d</controlfield>
  <controlfield tag="003">AR-UNSa-BCEJYS</controlfield>
  <datafield tag="040" ind1=" " ind2=" ">
    <subfield code="a">AR-UNSa-BCEJYS</subfield>
    <subfield code="b">spa</subfield>
    <subfield code="c">AR-UNSa-BCEJYS</subfield>
  </datafield>
  <datafield tag="080" ind1=" " ind2=" ">
    <subfield code="a">34</subfield>
    <subfield code="x">Derecho</subfield>
  </datafield>
  <datafield tag="245" ind1="1" ind2="0">
    <subfield code="a">Legislaci&#xF3;n Argentina</subfield>
  </datafield>
  <datafield tag="264" ind1=" " ind2="1">
    <subfield code="a">Buenos Aires :</subfield>
    <subfield code="b">Abeledo Perrot</subfield>
    <subfield code="c">2013</subfield>
  </datafield>
  <datafield tag="310" ind1=" " ind2=" ">
    <subfield code="a">Frecuencia: Semanal</subfield>
  </datafield>
  <datafield tag="505" ind1=" " ind2=" ">
    <subfield code="a">Contiene todas las normas nacionales y provinciales necesarias para su desempe&#xF1;o profesional, incluyendo leyes, decretos, resoluciones y disposiciones de los diversos organismos (ministerios, secretar&#xED;as, direcciones y entes) que integran la Administraci&#xF3;n P&#xFA;blica Nacional y de cada provincia, y acordadas y resoluciones de los principales tribunales del pa&#xED;s; brind&#xE1;ndole una herramienta confiable y efectiva que facilita su trabajo cotidiano.</subfield>
  </datafield>
  <datafield tag="942" ind1=" " ind2=" ">
    <subfield code="c">SER</subfield>
  </datafield>
  <datafield tag="590" ind1=" " ind2=" ">
    <subfield code="a">niveau_biblio:s niveau_hierar:1</subfield>
  </datafield>
  <datafield tag="100" ind1="1" ind2=" ">
    <subfield code="a">Tuzio, Alejandro P.F.</subfield>
  </datafield>
  <datafield tag="650" ind1=" " ind2=" ">
    <subfield code="a">ADMINISTRACION PUBLICA</subfield>
  </datafield>
  <datafield tag="650" ind1=" " ind2=" ">
    <subfield code="a">Derecho</subfield>
  </datafield>
  <datafield tag="650" ind1=" " ind2=" ">
    <subfield code="a">Legislaci&#xF3;n</subfield>
  </datafield>
  <datafield tag="856" ind1="4" ind2="1">
    <subfield code="u">https://biblioeco.unsa.edu.ar/pmb/images/revistas/Legislaci?n Argentina.jpg</subfield>
    <subfield code="y">Imagen de portada</subfield>
    <subfield code="q">image/jpeg</subfield>
  </datafield>
  <datafield tag="999" ind1=" " ind2=" ">
    <subfield code="c">8460</subfield>
    <subfield code="d">8460</subfield>
  </datafield>
  <datafield tag="952" ind1=" " ind2=" ">
    <subfield code="0">0</subfield>
    <subfield code="1">0</subfield>
    <subfield code="4">0</subfield>
    <subfield code="7">0</subfield>
    <subfield code="a">BCEJYS</subfield>
    <subfield code="b">BCEJYS</subfield>
    <subfield code="c">17</subfield>
    <subfield code="d">2014-09-01</subfield>
    <subfield code="h">N&#xBA; 7/C - sep. 2014</subfield>
    <subfield code="l">0</subfield>
    <subfield code="o">H34 LEG 7/C 2014</subfield>
    <subfield code="p">R12479</subfield>
    <subfield code="r">2026-04-10 16:07:20</subfield>
    <subfield code="w">2026-04-10</subfield>
    <subfield code="y">RN</subfield>
  </datafield>
  <datafield tag="952" ind1=" " ind2=" ">
    <subfield code="0">0</subfield>
    <subfield code="1">0</subfield>
    <subfield code="4">0</subfield>
    <subfield code="7">0</subfield>
    <subfield code="a">BCEJYS</subfield>
    <subfield code="b">BCEJYS</subfield>
    <subfield code="c">17</subfield>
    <subfield code="d">2014-08-15</subfield>
    <subfield code="h">N&#xBA; 6/C - ago. 2014</subfield>
    <subfield code="l">0</subfield>
    <subfield code="o">H34 LEG 6/C 2014</subfield>
    <subfield code="p">R12478</subfield>
    <subfield code="r">2026-04-10 16:07:20</subfield>
    <subfield code="w">2026-04-10</subfield>
    <subfield code="y">RN</subfield>
  </datafield>
  <datafield tag="952" ind1=" " ind2=" ">
    <subfield code="0">0</subfield>
    <subfield code="1">0</subfield>
    <subfield code="4">0</subfield>
    <subfield code="7">0</subfield>
    <subfield code="a">BCEJYS</subfield>
    <subfield code="b">BCEJYS</subfield>
    <subfield code="c">17</subfield>
    <subfield code="d">2014-08-01</subfield>
    <subfield code="h">N&#xBA; 4/C - ago. 2014</subfield>
    <subfield code="l">0</subfield>
    <subfield code="o">H34 LEG 4/C 2014</subfield>
    <subfield code="p">R12132</subfield>
    <subfield code="r">2026-04-10 16:07:20</subfield>
    <subfield code="w">2026-04-10</subfield>
    <subfield code="y">RN</subfield>
  </datafield>
  <datafield tag="952" ind1=" " ind2=" ">
    <subfield code="0">0</subfield>
    <subfield code="1">0</subfield>
    <subfield code="4">0</subfield>
    <subfield code="7">0</subfield>
    <subfield code="a">BCEJYS</subfield>
    <subfield code="b">BCEJYS</subfield>
    <subfield code="c">17</subfield>
    <subfield code="d">2014-07-25</subfield>
    <subfield code="h">N&#xBA; 3/C - jul. 2014</subfield>
    <subfield code="l">0</subfield>
    <subfield code="o">H34 LEG 3/C 2014</subfield>
    <subfield code="p">R12131</subfield>
    <subfield code="r">2026-04-10 16:07:20</subfield>
    <subfield code="w">2026-04-10</subfield>
    <subfield code="y">RN</subfield>
  </datafield>
  <datafield tag="952" ind1=" " ind2=" ">
    <subfield code="0">0</subfield>
    <subfield code="1">0</subfield>
    <subfield code="4">0</subfield>
    <subfield code="7">0</subfield>
    <subfield code="a">BCEJYS</subfield>
    <subfield code="b">BCEJYS</subfield>
    <subfield code="c">17</subfield>
    <subfield code="d">2014-07-15</subfield>
    <subfield code="h">N&#xBA; 2/C - jul. 2014</subfield>
    <subfield code="l">0</subfield>
    <subfield code="o">H34 LEG 2/C 2014</subfield>
    <subfield code="p">R12130</subfield>
    <subfield code="r">2026-04-10 16:07:20</subfield>
    <subfield code="w">2026-04-10</subfield>
    <subfield code="y">RN</subfield>
  </datafield>
  <datafield tag="952" ind1=" " ind2=" ">
    <subfield code="0">0</subfield>
    <subfield code="1">0</subfield>
    <subfield code="4">0</subfield>
    <subfield code="7">0</subfield>
    <subfield code="a">BCEJYS</subfield>
    <subfield code="b">BCEJYS</subfield>
    <subfield code="c">17</subfield>
    <subfield code="d">2014-07-01</subfield>
    <subfield code="h">N&#xBA; 1/C - jul. 2014</subfield>
    <subfield code="l">0</subfield>
    <subfield code="o">H34 LEG 1/C 2014</subfield>
    <subfield code="p">R11712</subfield>
    <subfield code="r">2026-04-10 16:07:20</subfield>
    <subfield code="w">2026-04-10</subfield>
    <subfield code="y">RN</subfield>
  </datafield>
  <datafield tag="952" ind1=" " ind2=" ">
    <subfield code="0">0</subfield>
    <subfield code="1">0</subfield>
    <subfield code="4">0</subfield>
    <subfield code="7">0</subfield>
    <subfield code="a">BCEJYS</subfield>
    <subfield code="b">BCEJYS</subfield>
    <subfield code="c">17</subfield>
    <subfield code="d">2014-06-25</subfield>
    <subfield code="h">N&#xBA; 9/B - jun. 2014</subfield>
    <subfield code="l">0</subfield>
    <subfield code="o">H34 LEG 9/B 2014</subfield>
    <subfield code="p">R11868</subfield>
    <subfield code="r">2026-04-10 16:07:20</subfield>
    <subfield code="w">2026-04-10</subfield>
    <subfield code="y">RN</subfield>
  </datafield>
  <datafield tag="952" ind1=" " ind2=" ">
    <subfield code="0">0</subfield>
    <subfield code="1">0</subfield>
    <subfield code="4">0</subfield>
    <subfield code="7">0</subfield>
    <subfield code="a">BCEJYS</subfield>
    <subfield code="b">BCEJYS</subfield>
    <subfield code="c">17</subfield>
    <subfield code="d">2014-06-15</subfield>
    <subfield code="h">N&#xBA; 8/B - jun. 2014</subfield>
    <subfield code="l">0</subfield>
    <subfield code="o">H34 LEG 8/B 2014</subfield>
    <subfield code="p">R11482</subfield>
    <subfield code="r">2026-04-10 16:07:20</subfield>
    <subfield code="w">2026-04-10</subfield>
    <subfield code="y">RN</subfield>
  </datafield>
  <datafield tag="952" ind1=" " ind2=" ">
    <subfield code="0">0</subfield>
    <subfield code="1">0</subfield>
    <subfield code="4">0</subfield>
    <subfield code="7">0</subfield>
    <subfield code="a">BCEJYS</subfield>
    <subfield code="b">BCEJYS</subfield>
    <subfield code="c">17</subfield>
    <subfield code="d">2014-06-01</subfield>
    <subfield code="h">N&#xBA; 7/B - jun. 2014</subfield>
    <subfield code="l">0</subfield>
    <subfield code="o">H34 LEG 7/B 2014</subfield>
    <subfield code="p">R11481</subfield>
    <subfield code="r">2026-04-10 16:07:20</subfield>
    <subfield code="w">2026-04-10</subfield>
    <subfield code="y">RN</subfield>
  </datafield>
  <datafield tag="952" ind1=" " ind2=" ">
    <subfield code="0">0</subfield>
    <subfield code="1">0</subfield>
    <subfield code="4">0</subfield>
    <subfield code="7">0</subfield>
    <subfield code="a">BCEJYS</subfield>
    <subfield code="b">BCEJYS</subfield>
    <subfield code="c">17</subfield>
    <subfield code="d">2014-05-20</subfield>
    <subfield code="h">N&#xAA; 6/B - mayo 2014</subfield>
    <subfield code="l">0</subfield>
    <subfield code="o">H34 LEG 6/B 2014</subfield>
    <subfield code="p">R11291</subfield>
    <subfield code="r">2026-04-10 16:07:20</subfield>
    <subfield code="w">2026-04-10</subfield>
    <subfield code="y">RN</subfield>
  </datafield>
  <datafield tag="952" ind1=" " ind2=" ">
    <subfield code="0">0</subfield>
    <subfield code="1">0</subfield>
    <subfield code="4">0</subfield>
    <subfield code="7">0</subfield>
    <subfield code="a">BCEJYS</subfield>
    <subfield code="b">BCEJYS</subfield>
    <subfield code="c">17</subfield>
    <subfield code="d">2014-05-15</subfield>
    <subfield code="h">N&#xAA; 5/B - mayo 2014</subfield>
    <subfield code="l">0</subfield>
    <subfield code="o">H34 LEG 5/B 2014</subfield>
    <subfield code="p">R11290</subfield>
    <subfield code="r">2026-04-10 16:07:20</subfield>
    <subfield code="w">2026-04-10</subfield>
    <subfield code="y">RN</subfield>
  </datafield>
  <datafield tag="952" ind1=" " ind2=" ">
    <subfield code="0">0</subfield>
    <subfield code="1">0</subfield>
    <subfield code="4">0</subfield>
    <subfield code="7">0</subfield>
    <subfield code="a">BCEJYS</subfield>
    <subfield code="b">BCEJYS</subfield>
    <subfield code="c">17</subfield>
    <subfield code="d">2014-05-01</subfield>
    <subfield code="h">N&#xAA; 4/B - mayo 2014</subfield>
    <subfield code="l">0</subfield>
    <subfield code="o">H34 LEG 4/B 2014</subfield>
    <subfield code="p">R11289</subfield>
    <subfield code="r">2026-04-10 16:07:20</subfield>
    <subfield code="w">2026-04-10</subfield>
    <subfield code="y">RN</subfield>
  </datafield>
  <datafield tag="952" ind1=" " ind2=" ">
    <subfield code="0">0</subfield>
    <subfield code="1">0</subfield>
    <subfield code="4">0</subfield>
    <subfield code="7">0</subfield>
    <subfield code="a">BCEJYS</subfield>
    <subfield code="b">BCEJYS</subfield>
    <subfield code="c">17</subfield>
    <subfield code="d">2014-04-25</subfield>
    <subfield code="h">N&#xBA; 3/B - abr. 2014</subfield>
    <subfield code="l">0</subfield>
    <subfield code="o">H34 LEG 3/B 2014</subfield>
    <subfield code="p">R10731</subfield>
    <subfield code="r">2026-04-10 16:07:21</subfield>
    <subfield code="w">2026-04-10</subfield>
    <subfield code="y">RN</subfield>
  </datafield>
  <datafield tag="952" ind1=" " ind2=" ">
    <subfield code="0">0</subfield>
    <subfield code="1">0</subfield>
    <subfield code="4">0</subfield>
    <subfield code="7">0</subfield>
    <subfield code="a">BCEJYS</subfield>
    <subfield code="b">BCEJYS</subfield>
    <subfield code="c">17</subfield>
    <subfield code="d">2014-04-15</subfield>
    <subfield code="h">N&#xBA; 2/B - abr. 2014</subfield>
    <subfield code="l">0</subfield>
    <subfield code="o">H34 LEG 2/B 2014</subfield>
    <subfield code="p">R10587</subfield>
    <subfield code="r">2026-04-10 16:07:21</subfield>
    <subfield code="w">2026-04-10</subfield>
    <subfield code="y">RN</subfield>
  </datafield>
  <datafield tag="952" ind1=" " ind2=" ">
    <subfield code="0">0</subfield>
    <subfield code="1">0</subfield>
    <subfield code="4">0</subfield>
    <subfield code="7">0</subfield>
    <subfield code="a">BCEJYS</subfield>
    <subfield code="b">BCEJYS</subfield>
    <subfield code="c">17</subfield>
    <subfield code="d">2014-04-01</subfield>
    <subfield code="h">N&#xBA; 1/B - abr. 2014</subfield>
    <subfield code="l">0</subfield>
    <subfield code="o">H34 LEG 1/B 2014</subfield>
    <subfield code="p">R10581</subfield>
    <subfield code="r">2026-04-10 16:07:21</subfield>
    <subfield code="w">2026-04-10</subfield>
    <subfield code="y">RN</subfield>
  </datafield>
  <datafield tag="952" ind1=" " ind2=" ">
    <subfield code="0">0</subfield>
    <subfield code="1">0</subfield>
    <subfield code="4">0</subfield>
    <subfield code="7">0</subfield>
    <subfield code="a">BCEJYS</subfield>
    <subfield code="b">BCEJYS</subfield>
    <subfield code="c">17</subfield>
    <subfield code="d">2014-03-15</subfield>
    <subfield code="h">N&#xBA; 9/A - mar. 2014</subfield>
    <subfield code="l">0</subfield>
    <subfield code="o">H34 LEG 9/A 2014</subfield>
    <subfield code="p">R10583</subfield>
    <subfield code="r">2026-04-10 16:07:21</subfield>
    <subfield code="w">2026-04-10</subfield>
    <subfield code="y">RN</subfield>
  </datafield>
  <datafield tag="952" ind1=" " ind2=" ">
    <subfield code="0">0</subfield>
    <subfield code="1">0</subfield>
    <subfield code="4">0</subfield>
    <subfield code="7">0</subfield>
    <subfield code="a">BCEJYS</subfield>
    <subfield code="b">BCEJYS</subfield>
    <subfield code="c">17</subfield>
    <subfield code="d">2014-03-07</subfield>
    <subfield code="h">N&#xBA; 8/A - mar. 2014</subfield>
    <subfield code="l">0</subfield>
    <subfield code="o">H34 LEG 8/A 2014</subfield>
    <subfield code="p">R10582</subfield>
    <subfield code="r">2026-04-10 16:07:21</subfield>
    <subfield code="w">2026-04-10</subfield>
    <subfield code="y">RN</subfield>
  </datafield>
  <datafield tag="952" ind1=" " ind2=" ">
    <subfield code="0">0</subfield>
    <subfield code="1">0</subfield>
    <subfield code="4">0</subfield>
    <subfield code="7">0</subfield>
    <subfield code="a">BCEJYS</subfield>
    <subfield code="b">BCEJYS</subfield>
    <subfield code="c">17</subfield>
    <subfield code="d">2014-03-01</subfield>
    <subfield code="h">N&#xBA; 7/A - mar. 2014</subfield>
    <subfield code="l">0</subfield>
    <subfield code="o">H34 LEG 7/A 2014</subfield>
    <subfield code="p">R10564</subfield>
    <subfield code="r">2026-04-10 16:07:21</subfield>
    <subfield code="w">2026-04-10</subfield>
    <subfield code="y">RN</subfield>
  </datafield>
  <datafield tag="952" ind1=" " ind2=" ">
    <subfield code="0">0</subfield>
    <subfield code="1">0</subfield>
    <subfield code="4">0</subfield>
    <subfield code="7">0</subfield>
    <subfield code="a">BCEJYS</subfield>
    <subfield code="b">BCEJYS</subfield>
    <subfield code="c">17</subfield>
    <subfield code="d">2014-02-21</subfield>
    <subfield code="h">N&#xBA; 6/A - feb. 2014</subfield>
    <subfield code="l">0</subfield>
    <subfield code="o">H34 LEG 6/A 2014</subfield>
    <subfield code="p">R09358</subfield>
    <subfield code="r">2026-04-10 16:07:21</subfield>
    <subfield code="w">2026-04-10</subfield>
    <subfield code="y">RN</subfield>
  </datafield>
  <datafield tag="952" ind1=" " ind2=" ">
    <subfield code="0">0</subfield>
    <subfield code="1">0</subfield>
    <subfield code="4">0</subfield>
    <subfield code="7">0</subfield>
    <subfield code="a">BCEJYS</subfield>
    <subfield code="b">BCEJYS</subfield>
    <subfield code="c">17</subfield>
    <subfield code="d">2014-02-15</subfield>
    <subfield code="h">N&#xBA; 5/A - feb. 2014</subfield>
    <subfield code="l">0</subfield>
    <subfield code="o">H34 LEG 5/A 2014</subfield>
    <subfield code="p">R10320</subfield>
    <subfield code="r">2026-04-10 16:07:21</subfield>
    <subfield code="w">2026-04-10</subfield>
    <subfield code="y">RN</subfield>
  </datafield>
  <datafield tag="952" ind1=" " ind2=" ">
    <subfield code="0">0</subfield>
    <subfield code="1">0</subfield>
    <subfield code="4">0</subfield>
    <subfield code="7">0</subfield>
    <subfield code="a">BCEJYS</subfield>
    <subfield code="b">BCEJYS</subfield>
    <subfield code="c">17</subfield>
    <subfield code="d">2014-02-01</subfield>
    <subfield code="h">N&#xBA; 4/A - feb. 2014</subfield>
    <subfield code="l">0</subfield>
    <subfield code="o">H34 LEG 4/A 2014</subfield>
    <subfield code="p">R10256</subfield>
    <subfield code="r">2026-04-10 16:07:21</subfield>
    <subfield code="w">2026-04-10</subfield>
    <subfield code="y">RN</subfield>
  </datafield>
  <datafield tag="952" ind1=" " ind2=" ">
    <subfield code="0">0</subfield>
    <subfield code="1">0</subfield>
    <subfield code="4">0</subfield>
    <subfield code="7">0</subfield>
    <subfield code="a">BCEJYS</subfield>
    <subfield code="b">BCEJYS</subfield>
    <subfield code="c">17</subfield>
    <subfield code="d">2014-01-18</subfield>
    <subfield code="h">N&#xBA; 3/A - ene. 2014</subfield>
    <subfield code="l">0</subfield>
    <subfield code="o">H34 LEG 3/A 2014</subfield>
    <subfield code="p">R10255</subfield>
    <subfield code="r">2026-04-10 16:07:21</subfield>
    <subfield code="w">2026-04-10</subfield>
    <subfield code="y">RN</subfield>
  </datafield>
  <datafield tag="952" ind1=" " ind2=" ">
    <subfield code="0">0</subfield>
    <subfield code="1">0</subfield>
    <subfield code="4">0</subfield>
    <subfield code="7">0</subfield>
    <subfield code="a">BCEJYS</subfield>
    <subfield code="b">BCEJYS</subfield>
    <subfield code="c">17</subfield>
    <subfield code="d">2014-01-07</subfield>
    <subfield code="h">N&#xBA; 2/A - ene. 2014</subfield>
    <subfield code="l">0</subfield>
    <subfield code="o">H34 LEG 2/A 2014</subfield>
    <subfield code="p">R10254</subfield>
    <subfield code="r">2026-04-10 16:07:21</subfield>
    <subfield code="w">2026-04-10</subfield>
    <subfield code="y">RN</subfield>
  </datafield>
  <datafield tag="952" ind1=" " ind2=" ">
    <subfield code="0">0</subfield>
    <subfield code="1">0</subfield>
    <subfield code="4">0</subfield>
    <subfield code="7">0</subfield>
    <subfield code="a">BCEJYS</subfield>
    <subfield code="b">BCEJYS</subfield>
    <subfield code="c">17</subfield>
    <subfield code="d">2014-01-01</subfield>
    <subfield code="h">N&#xBA; 1/A - ene. 2014</subfield>
    <subfield code="l">0</subfield>
    <subfield code="o">H34 LEG 1/A 2014</subfield>
    <subfield code="p">R10253</subfield>
    <subfield code="r">2026-04-10 16:07:21</subfield>
    <subfield code="w">2026-04-10</subfield>
    <subfield code="y">RN</subfield>
  </datafield>
  <datafield tag="952" ind1=" " ind2=" ">
    <subfield code="0">0</subfield>
    <subfield code="1">0</subfield>
    <subfield code="4">0</subfield>
    <subfield code="7">0</subfield>
    <subfield code="a">BCEJYS</subfield>
    <subfield code="b">BCEJYS</subfield>
    <subfield code="c">17</subfield>
    <subfield code="d">2013-12-18</subfield>
    <subfield code="h">N&#xBA; 9/D - dic. 2013</subfield>
    <subfield code="l">0</subfield>
    <subfield code="o">H34 LEG 9/D 2013</subfield>
    <subfield code="p">R10252</subfield>
    <subfield code="r">2026-04-10 16:07:21</subfield>
    <subfield code="w">2026-04-10</subfield>
    <subfield code="y">RN</subfield>
  </datafield>
  <datafield tag="952" ind1=" " ind2=" ">
    <subfield code="0">0</subfield>
    <subfield code="1">0</subfield>
    <subfield code="4">0</subfield>
    <subfield code="7">0</subfield>
    <subfield code="a">BCEJYS</subfield>
    <subfield code="b">BCEJYS</subfield>
    <subfield code="c">17</subfield>
    <subfield code="d">2013-12-07</subfield>
    <subfield code="h">N&#xBA; 8/D - dic. 2013</subfield>
    <subfield code="l">0</subfield>
    <subfield code="o">H34 LEG 8/D 2013</subfield>
    <subfield code="p">R10219</subfield>
    <subfield code="r">2026-04-10 16:07:21</subfield>
    <subfield code="w">2026-04-10</subfield>
    <subfield code="y">RN</subfield>
  </datafield>
  <datafield tag="952" ind1=" " ind2=" ">
    <subfield code="0">0</subfield>
    <subfield code="1">0</subfield>
    <subfield code="4">0</subfield>
    <subfield code="7">0</subfield>
    <subfield code="a">BCEJYS</subfield>
    <subfield code="b">BCEJYS</subfield>
    <subfield code="c">17</subfield>
    <subfield code="d">2013-12-01</subfield>
    <subfield code="h">N&#xBA; 7/D - dic. 2013</subfield>
    <subfield code="l">0</subfield>
    <subfield code="o">H34 LEG 7/D 2013</subfield>
    <subfield code="p">R10218</subfield>
    <subfield code="r">2026-04-10 16:07:21</subfield>
    <subfield code="w">2026-04-10</subfield>
    <subfield code="y">RN</subfield>
  </datafield>
  <datafield tag="952" ind1=" " ind2=" ">
    <subfield code="0">0</subfield>
    <subfield code="1">0</subfield>
    <subfield code="4">0</subfield>
    <subfield code="7">0</subfield>
    <subfield code="a">BCEJYS</subfield>
    <subfield code="b">BCEJYS</subfield>
    <subfield code="c">17</subfield>
    <subfield code="d">2013-11-18</subfield>
    <subfield code="h">N&#xBA; 6/D - nov. 2013</subfield>
    <subfield code="l">0</subfield>
    <subfield code="o">H34 LEG 6/D 2013</subfield>
    <subfield code="p">R10217</subfield>
    <subfield code="r">2026-04-10 16:07:21</subfield>
    <subfield code="w">2026-04-10</subfield>
    <subfield code="y">RN</subfield>
  </datafield>
  <datafield tag="952" ind1=" " ind2=" ">
    <subfield code="0">0</subfield>
    <subfield code="1">0</subfield>
    <subfield code="4">0</subfield>
    <subfield code="7">0</subfield>
    <subfield code="a">BCEJYS</subfield>
    <subfield code="b">BCEJYS</subfield>
    <subfield code="c">17</subfield>
    <subfield code="d">2013-11-07</subfield>
    <subfield code="h">N&#xBA; 5/D - nov. 2013</subfield>
    <subfield code="l">0</subfield>
    <subfield code="o">H34 LEG 5/D 2013</subfield>
    <subfield code="p">R10192</subfield>
    <subfield code="r">2026-04-10 16:07:21</subfield>
    <subfield code="w">2026-04-10</subfield>
    <subfield code="y">RN</subfield>
  </datafield>
  <datafield tag="952" ind1=" " ind2=" ">
    <subfield code="0">0</subfield>
    <subfield code="1">0</subfield>
    <subfield code="4">0</subfield>
    <subfield code="7">0</subfield>
    <subfield code="a">BCEJYS</subfield>
    <subfield code="b">BCEJYS</subfield>
    <subfield code="c">17</subfield>
    <subfield code="d">2013-11-01</subfield>
    <subfield code="h">N&#xBA; 4/D - nov. 2013</subfield>
    <subfield code="l">0</subfield>
    <subfield code="o">H34 LEG 4/D 2013</subfield>
    <subfield code="p">R10191</subfield>
    <subfield code="r">2026-04-10 16:07:21</subfield>
    <subfield code="w">2026-04-10</subfield>
    <subfield code="y">RN</subfield>
  </datafield>
  <datafield tag="952" ind1=" " ind2=" ">
    <subfield code="0">0</subfield>
    <subfield code="1">0</subfield>
    <subfield code="4">0</subfield>
    <subfield code="7">0</subfield>
    <subfield code="a">BCEJYS</subfield>
    <subfield code="b">BCEJYS</subfield>
    <subfield code="c">17</subfield>
    <subfield code="d">2013-10-15</subfield>
    <subfield code="h">N&#xBA; 3/D - oct. 2013</subfield>
    <subfield code="l">0</subfield>
    <subfield code="o">H34 LEG 3/D 2013</subfield>
    <subfield code="p">R09917</subfield>
    <subfield code="r">2026-04-10 16:07:21</subfield>
    <subfield code="w">2026-04-10</subfield>
    <subfield code="y">RN</subfield>
  </datafield>
  <datafield tag="952" ind1=" " ind2=" ">
    <subfield code="0">0</subfield>
    <subfield code="1">0</subfield>
    <subfield code="4">0</subfield>
    <subfield code="7">0</subfield>
    <subfield code="a">BCEJYS</subfield>
    <subfield code="b">BCEJYS</subfield>
    <subfield code="c">17</subfield>
    <subfield code="d">2013-10-07</subfield>
    <subfield code="h">N&#xBA; 2/D - oct. 2013</subfield>
    <subfield code="l">0</subfield>
    <subfield code="o">H34 LEG 2/D 2013</subfield>
    <subfield code="p">R09450</subfield>
    <subfield code="r">2026-04-10 16:07:21</subfield>
    <subfield code="w">2026-04-10</subfield>
    <subfield code="y">RN</subfield>
  </datafield>
  <datafield tag="952" ind1=" " ind2=" ">
    <subfield code="0">0</subfield>
    <subfield code="1">0</subfield>
    <subfield code="4">0</subfield>
    <subfield code="7">0</subfield>
    <subfield code="a">BCEJYS</subfield>
    <subfield code="b">BCEJYS</subfield>
    <subfield code="c">17</subfield>
    <subfield code="d">2013-10-01</subfield>
    <subfield code="h">N&#xBA; 1/D - oct. 2013</subfield>
    <subfield code="l">0</subfield>
    <subfield code="o">H34 LEG 1/D 2013</subfield>
    <subfield code="p">R09361</subfield>
    <subfield code="r">2026-04-10 16:07:21</subfield>
    <subfield code="w">2026-04-10</subfield>
    <subfield code="y">RN</subfield>
  </datafield>
  <datafield tag="952" ind1=" " ind2=" ">
    <subfield code="0">0</subfield>
    <subfield code="1">0</subfield>
    <subfield code="4">0</subfield>
    <subfield code="7">0</subfield>
    <subfield code="a">BCEJYS</subfield>
    <subfield code="b">BCEJYS</subfield>
    <subfield code="c">17</subfield>
    <subfield code="d">2013-09-01</subfield>
    <subfield code="h">N&#xBA; 9/C - sep. 2013</subfield>
    <subfield code="l">0</subfield>
    <subfield code="o">H34 LEG 9/C 2013</subfield>
    <subfield code="p">R09032</subfield>
    <subfield code="r">2026-04-10 16:07:21</subfield>
    <subfield code="w">2026-04-10</subfield>
    <subfield code="y">RN</subfield>
  </datafield>
  <datafield tag="952" ind1=" " ind2=" ">
    <subfield code="0">0</subfield>
    <subfield code="1">0</subfield>
    <subfield code="4">0</subfield>
    <subfield code="7">0</subfield>
    <subfield code="a">BCEJYS</subfield>
    <subfield code="b">BCEJYS</subfield>
    <subfield code="c">17</subfield>
    <subfield code="d">2013-09-01</subfield>
    <subfield code="h">N&#xBA; 8/C - sep. 2013</subfield>
    <subfield code="l">0</subfield>
    <subfield code="o">H34 LEG 8/C 2013</subfield>
    <subfield code="p">R09031</subfield>
    <subfield code="r">2026-04-10 16:07:21</subfield>
    <subfield code="w">2026-04-10</subfield>
    <subfield code="y">RN</subfield>
  </datafield>
  <datafield tag="952" ind1=" " ind2=" ">
    <subfield code="0">0</subfield>
    <subfield code="1">0</subfield>
    <subfield code="4">0</subfield>
    <subfield code="7">0</subfield>
    <subfield code="a">BCEJYS</subfield>
    <subfield code="b">BCEJYS</subfield>
    <subfield code="c">17</subfield>
    <subfield code="d">2013-09-01</subfield>
    <subfield code="h">N&#xBA; 7/C - sep. 2013</subfield>
    <subfield code="l">0</subfield>
    <subfield code="o">H34 LEG 7/C 2013</subfield>
    <subfield code="p">R08877</subfield>
    <subfield code="r">2026-04-10 16:07:21</subfield>
    <subfield code="w">2026-04-10</subfield>
    <subfield code="y">RN</subfield>
  </datafield>
  <datafield tag="952" ind1=" " ind2=" ">
    <subfield code="0">0</subfield>
    <subfield code="1">0</subfield>
    <subfield code="4">0</subfield>
    <subfield code="7">0</subfield>
    <subfield code="a">BCEJYS</subfield>
    <subfield code="b">BCEJYS</subfield>
    <subfield code="c">17</subfield>
    <subfield code="d">2013-08-15</subfield>
    <subfield code="h">N&#xBA; 6/C - ago. 2013</subfield>
    <subfield code="l">0</subfield>
    <subfield code="o">H34 LEG 6/C 2013</subfield>
    <subfield code="p">R08513</subfield>
    <subfield code="r">2026-04-10 16:07:21</subfield>
    <subfield code="w">2026-04-10</subfield>
    <subfield code="y">RN</subfield>
  </datafield>
  <datafield tag="952" ind1=" " ind2=" ">
    <subfield code="0">0</subfield>
    <subfield code="1">0</subfield>
    <subfield code="4">0</subfield>
    <subfield code="7">0</subfield>
    <subfield code="a">BCEJYS</subfield>
    <subfield code="b">BCEJYS</subfield>
    <subfield code="c">17</subfield>
    <subfield code="d">2013-08-07</subfield>
    <subfield code="h">N&#xBA; 5/C - ago. 2013</subfield>
    <subfield code="l">0</subfield>
    <subfield code="o">H34 LEG 5/C 2013</subfield>
    <subfield code="p">R08461</subfield>
    <subfield code="r">2026-04-10 16:07:21</subfield>
    <subfield code="w">2026-04-10</subfield>
    <subfield code="y">RN</subfield>
  </datafield>
  <datafield tag="952" ind1=" " ind2=" ">
    <subfield code="0">0</subfield>
    <subfield code="1">0</subfield>
    <subfield code="4">0</subfield>
    <subfield code="7">0</subfield>
    <subfield code="a">BCEJYS</subfield>
    <subfield code="b">BCEJYS</subfield>
    <subfield code="c">17</subfield>
    <subfield code="d">2013-08-01</subfield>
    <subfield code="h">N&#xBA; 4/C - ago. 2013</subfield>
    <subfield code="l">0</subfield>
    <subfield code="o">H34 LEG 4/C 2013</subfield>
    <subfield code="p">R08416</subfield>
    <subfield code="r">2026-04-10 16:07:21</subfield>
    <subfield code="w">2026-04-10</subfield>
    <subfield code="y">RN</subfield>
  </datafield>
  <datafield tag="952" ind1=" " ind2=" ">
    <subfield code="0">0</subfield>
    <subfield code="1">0</subfield>
    <subfield code="4">0</subfield>
    <subfield code="7">0</subfield>
    <subfield code="a">BCEJYS</subfield>
    <subfield code="b">BCEJYS</subfield>
    <subfield code="c">17</subfield>
    <subfield code="d">2013-07-15</subfield>
    <subfield code="h">N&#xBA; 3/C - jul. 2013</subfield>
    <subfield code="l">0</subfield>
    <subfield code="o">H34 LEG 3/C 2013</subfield>
    <subfield code="p">R08401</subfield>
    <subfield code="r">2026-04-10 16:07:21</subfield>
    <subfield code="w">2026-04-10</subfield>
    <subfield code="y">RN</subfield>
  </datafield>
  <datafield tag="952" ind1=" " ind2=" ">
    <subfield code="0">0</subfield>
    <subfield code="1">0</subfield>
    <subfield code="4">0</subfield>
    <subfield code="7">0</subfield>
    <subfield code="a">BCEJYS</subfield>
    <subfield code="b">BCEJYS</subfield>
    <subfield code="c">17</subfield>
    <subfield code="d">2013-07-07</subfield>
    <subfield code="h">N&#xBA; 2/C - jul.2013</subfield>
    <subfield code="l">0</subfield>
    <subfield code="o">H34 LEG 2/C 2013</subfield>
    <subfield code="p">R08400</subfield>
    <subfield code="r">2026-04-10 16:07:21</subfield>
    <subfield code="w">2026-04-10</subfield>
    <subfield code="y">RN</subfield>
  </datafield>
  <datafield tag="952" ind1=" " ind2=" ">
    <subfield code="0">0</subfield>
    <subfield code="1">0</subfield>
    <subfield code="4">0</subfield>
    <subfield code="7">0</subfield>
    <subfield code="a">BCEJYS</subfield>
    <subfield code="b">BCEJYS</subfield>
    <subfield code="c">17</subfield>
    <subfield code="d">2013-07-01</subfield>
    <subfield code="h">N&#xBA; 1/C - jul. 2013</subfield>
    <subfield code="l">0</subfield>
    <subfield code="o">H34 LEG 1/C 2013</subfield>
    <subfield code="p">R08390</subfield>
    <subfield code="r">2026-04-10 16:07:21</subfield>
    <subfield code="w">2026-04-10</subfield>
    <subfield code="y">RN</subfield>
  </datafield>
  <datafield tag="952" ind1=" " ind2=" ">
    <subfield code="0">0</subfield>
    <subfield code="1">0</subfield>
    <subfield code="4">0</subfield>
    <subfield code="7">0</subfield>
    <subfield code="a">BCEJYS</subfield>
    <subfield code="b">BCEJYS</subfield>
    <subfield code="c">17</subfield>
    <subfield code="d">2013-06-15</subfield>
    <subfield code="h">N&#xBA; 9/B - jun. 2013</subfield>
    <subfield code="l">0</subfield>
    <subfield code="o">H34 LEG 9/B 2013</subfield>
    <subfield code="p">R08231</subfield>
    <subfield code="r">2026-04-10 16:07:21</subfield>
    <subfield code="w">2026-04-10</subfield>
    <subfield code="y">RN</subfield>
  </datafield>
  <datafield tag="952" ind1=" " ind2=" ">
    <subfield code="0">0</subfield>
    <subfield code="1">0</subfield>
    <subfield code="4">0</subfield>
    <subfield code="7">0</subfield>
    <subfield code="a">BCEJYS</subfield>
    <subfield code="b">BCEJYS</subfield>
    <subfield code="c">17</subfield>
    <subfield code="d">2013-06-08</subfield>
    <subfield code="h">N&#xBA; 8/B - jun. 2013</subfield>
    <subfield code="l">0</subfield>
    <subfield code="o">H34 LEG 8/B 2013</subfield>
    <subfield code="p">R08230</subfield>
    <subfield code="r">2026-04-10 16:07:21</subfield>
    <subfield code="w">2026-04-10</subfield>
    <subfield code="y">RN</subfield>
  </datafield>
  <datafield tag="952" ind1=" " ind2=" ">
    <subfield code="0">0</subfield>
    <subfield code="1">0</subfield>
    <subfield code="4">0</subfield>
    <subfield code="7">0</subfield>
    <subfield code="a">BCEJYS</subfield>
    <subfield code="b">BCEJYS</subfield>
    <subfield code="c">17</subfield>
    <subfield code="d">2013-06-01</subfield>
    <subfield code="h">N&#xBA; 7/B - jun. 2013</subfield>
    <subfield code="l">0</subfield>
    <subfield code="o">H34 LEG 7/B 2013</subfield>
    <subfield code="p">R08223</subfield>
    <subfield code="r">2026-04-10 16:07:21</subfield>
    <subfield code="w">2026-04-10</subfield>
    <subfield code="y">RN</subfield>
  </datafield>
  <datafield tag="952" ind1=" " ind2=" ">
    <subfield code="0">0</subfield>
    <subfield code="1">0</subfield>
    <subfield code="4">0</subfield>
    <subfield code="7">0</subfield>
    <subfield code="a">BCEJYS</subfield>
    <subfield code="b">BCEJYS</subfield>
    <subfield code="c">17</subfield>
    <subfield code="d">2013-05-15</subfield>
    <subfield code="h">N&#xBA; 6/B - mayo 2013</subfield>
    <subfield code="l">0</subfield>
    <subfield code="o">H34 LEG 6/B 2013</subfield>
    <subfield code="p">R08001</subfield>
    <subfield code="r">2026-04-10 16:07:21</subfield>
    <subfield code="w">2026-04-10</subfield>
    <subfield code="y">RN</subfield>
  </datafield>
  <datafield tag="952" ind1=" " ind2=" ">
    <subfield code="0">0</subfield>
    <subfield code="1">0</subfield>
    <subfield code="4">0</subfield>
    <subfield code="7">0</subfield>
    <subfield code="a">BCEJYS</subfield>
    <subfield code="b">BCEJYS</subfield>
    <subfield code="c">17</subfield>
    <subfield code="d">2013-05-08</subfield>
    <subfield code="h">N&#xBA; 5/B - mayo 2013</subfield>
    <subfield code="l">0</subfield>
    <subfield code="o">H34 LEG 5/B 2013</subfield>
    <subfield code="p">R07866</subfield>
    <subfield code="r">2026-04-10 16:07:21</subfield>
    <subfield code="w">2026-04-10</subfield>
    <subfield code="y">RN</subfield>
  </datafield>
  <datafield tag="952" ind1=" " ind2=" ">
    <subfield code="0">0</subfield>
    <subfield code="1">0</subfield>
    <subfield code="4">0</subfield>
    <subfield code="7">0</subfield>
    <subfield code="a">BCEJYS</subfield>
    <subfield code="b">BCEJYS</subfield>
    <subfield code="c">17</subfield>
    <subfield code="d">2013-05-01</subfield>
    <subfield code="h">N&#xBA; 4/B - mayo 2013</subfield>
    <subfield code="l">0</subfield>
    <subfield code="o">H34 LEG 4/B 2013</subfield>
    <subfield code="p">R07797</subfield>
    <subfield code="r">2026-04-10 16:07:21</subfield>
    <subfield code="w">2026-04-10</subfield>
    <subfield code="y">RN</subfield>
  </datafield>
  <datafield tag="952" ind1=" " ind2=" ">
    <subfield code="0">0</subfield>
    <subfield code="1">0</subfield>
    <subfield code="4">0</subfield>
    <subfield code="7">0</subfield>
    <subfield code="a">BCEJYS</subfield>
    <subfield code="b">BCEJYS</subfield>
    <subfield code="c">17</subfield>
    <subfield code="d">2013-04-14</subfield>
    <subfield code="h">N&#xBA; 3/B - abr. 2013</subfield>
    <subfield code="l">0</subfield>
    <subfield code="o">H34 LEG 3/B 2013</subfield>
    <subfield code="p">R07220</subfield>
    <subfield code="r">2026-04-10 16:07:21</subfield>
    <subfield code="w">2026-04-10</subfield>
    <subfield code="y">RN</subfield>
  </datafield>
  <datafield tag="952" ind1=" " ind2=" ">
    <subfield code="0">0</subfield>
    <subfield code="1">0</subfield>
    <subfield code="4">0</subfield>
    <subfield code="7">0</subfield>
    <subfield code="a">BCEJYS</subfield>
    <subfield code="b">BCEJYS</subfield>
    <subfield code="c">17</subfield>
    <subfield code="d">2013-04-07</subfield>
    <subfield code="h">N&#xBA; 2/B - abr. 2013</subfield>
    <subfield code="l">0</subfield>
    <subfield code="o">H34 LEG 2/B 2013</subfield>
    <subfield code="p">R07219</subfield>
    <subfield code="r">2026-04-10 16:07:21</subfield>
    <subfield code="w">2026-04-10</subfield>
    <subfield code="y">RN</subfield>
  </datafield>
  <datafield tag="952" ind1=" " ind2=" ">
    <subfield code="0">0</subfield>
    <subfield code="1">0</subfield>
    <subfield code="4">0</subfield>
    <subfield code="7">0</subfield>
    <subfield code="a">BCEJYS</subfield>
    <subfield code="b">BCEJYS</subfield>
    <subfield code="c">17</subfield>
    <subfield code="d">2013-04-01</subfield>
    <subfield code="h">N&#xBA; 1/B - abr. 2013</subfield>
    <subfield code="l">0</subfield>
    <subfield code="o">H34 LEG 1/B 2013</subfield>
    <subfield code="p">R07203</subfield>
    <subfield code="r">2026-04-10 16:07:21</subfield>
    <subfield code="w">2026-04-10</subfield>
    <subfield code="y">RN</subfield>
  </datafield>
  <datafield tag="952" ind1=" " ind2=" ">
    <subfield code="0">0</subfield>
    <subfield code="1">0</subfield>
    <subfield code="4">0</subfield>
    <subfield code="7">0</subfield>
    <subfield code="a">BCEJYS</subfield>
    <subfield code="b">BCEJYS</subfield>
    <subfield code="c">17</subfield>
    <subfield code="d">2013-03-15</subfield>
    <subfield code="h">N&#xBA; 9/A - mar. 2013</subfield>
    <subfield code="l">0</subfield>
    <subfield code="o">H34 LEG 9/A 2013</subfield>
    <subfield code="p">R06768</subfield>
    <subfield code="r">2026-04-10 16:07:21</subfield>
    <subfield code="w">2026-04-10</subfield>
    <subfield code="y">RN</subfield>
  </datafield>
  <datafield tag="952" ind1=" " ind2=" ">
    <subfield code="0">0</subfield>
    <subfield code="1">0</subfield>
    <subfield code="4">0</subfield>
    <subfield code="7">0</subfield>
    <subfield code="a">BCEJYS</subfield>
    <subfield code="b">BCEJYS</subfield>
    <subfield code="c">17</subfield>
    <subfield code="d">2013-03-08</subfield>
    <subfield code="h">N&#xBA; 8/A - mar. 2013</subfield>
    <subfield code="l">0</subfield>
    <subfield code="o">H34 LEG 8/A 2013</subfield>
    <subfield code="p">R07202</subfield>
    <subfield code="r">2026-04-10 16:07:21</subfield>
    <subfield code="w">2026-04-10</subfield>
    <subfield code="y">RN</subfield>
  </datafield>
  <datafield tag="952" ind1=" " ind2=" ">
    <subfield code="0">0</subfield>
    <subfield code="1">0</subfield>
    <subfield code="4">0</subfield>
    <subfield code="7">0</subfield>
    <subfield code="a">BCEJYS</subfield>
    <subfield code="b">BCEJYS</subfield>
    <subfield code="c">17</subfield>
    <subfield code="d">2013-03-01</subfield>
    <subfield code="h">N&#xBA; 7/A - mar. 2013</subfield>
    <subfield code="l">0</subfield>
    <subfield code="o">H34 LEG 7/A 2013</subfield>
    <subfield code="p">R06634</subfield>
    <subfield code="r">2026-04-10 16:07:21</subfield>
    <subfield code="w">2026-04-10</subfield>
    <subfield code="y">RN</subfield>
  </datafield>
  <datafield tag="952" ind1=" " ind2=" ">
    <subfield code="0">0</subfield>
    <subfield code="1">0</subfield>
    <subfield code="4">0</subfield>
    <subfield code="7">0</subfield>
    <subfield code="a">BCEJYS</subfield>
    <subfield code="b">BCEJYS</subfield>
    <subfield code="c">17</subfield>
    <subfield code="d">2013-02-15</subfield>
    <subfield code="h">N&#xBA; 6/A - feb. 2013</subfield>
    <subfield code="l">0</subfield>
    <subfield code="o">H34 LEG 6/A 2013</subfield>
    <subfield code="p">R06633</subfield>
    <subfield code="r">2026-04-10 16:07:21</subfield>
    <subfield code="w">2026-04-10</subfield>
    <subfield code="y">RN</subfield>
  </datafield>
  <datafield tag="952" ind1=" " ind2=" ">
    <subfield code="0">0</subfield>
    <subfield code="1">0</subfield>
    <subfield code="4">0</subfield>
    <subfield code="7">0</subfield>
    <subfield code="a">BCEJYS</subfield>
    <subfield code="b">BCEJYS</subfield>
    <subfield code="c">17</subfield>
    <subfield code="d">2013-02-08</subfield>
    <subfield code="h">N&#xBA; 5/A - feb. 2013</subfield>
    <subfield code="l">0</subfield>
    <subfield code="o">H34 LEG 5/A 2013</subfield>
    <subfield code="p">R06632</subfield>
    <subfield code="r">2026-04-10 16:07:21</subfield>
    <subfield code="w">2026-04-10</subfield>
    <subfield code="y">RN</subfield>
  </datafield>
  <datafield tag="952" ind1=" " ind2=" ">
    <subfield code="0">0</subfield>
    <subfield code="1">0</subfield>
    <subfield code="4">0</subfield>
    <subfield code="7">0</subfield>
    <subfield code="a">BCEJYS</subfield>
    <subfield code="b">BCEJYS</subfield>
    <subfield code="c">17</subfield>
    <subfield code="d">2013-02-01</subfield>
    <subfield code="h">N&#xBA; 4/A - feb. 2013</subfield>
    <subfield code="l">0</subfield>
    <subfield code="o">H34 LEG 4/A 2013</subfield>
    <subfield code="p">R06631</subfield>
    <subfield code="r">2026-04-10 16:07:21</subfield>
    <subfield code="w">2026-04-10</subfield>
    <subfield code="y">RN</subfield>
  </datafield>
  <datafield tag="952" ind1=" " ind2=" ">
    <subfield code="0">0</subfield>
    <subfield code="1">0</subfield>
    <subfield code="4">0</subfield>
    <subfield code="7">0</subfield>
    <subfield code="a">BCEJYS</subfield>
    <subfield code="b">BCEJYS</subfield>
    <subfield code="c">17</subfield>
    <subfield code="d">2013-01-15</subfield>
    <subfield code="h">N&#xBA; 3/A - ene. 2013</subfield>
    <subfield code="l">0</subfield>
    <subfield code="o">H34 LEG 3/A 2013</subfield>
    <subfield code="p">R06630</subfield>
    <subfield code="r">2026-04-10 16:07:21</subfield>
    <subfield code="w">2026-04-10</subfield>
    <subfield code="y">RN</subfield>
  </datafield>
  <datafield tag="952" ind1=" " ind2=" ">
    <subfield code="0">0</subfield>
    <subfield code="1">0</subfield>
    <subfield code="4">0</subfield>
    <subfield code="7">0</subfield>
    <subfield code="a">BCEJYS</subfield>
    <subfield code="b">BCEJYS</subfield>
    <subfield code="c">17</subfield>
    <subfield code="d">2013-01-08</subfield>
    <subfield code="h">N&#xBA; 2/A - ene. 2013</subfield>
    <subfield code="l">0</subfield>
    <subfield code="o">H34 LEG 2/A 2013</subfield>
    <subfield code="p">R06629</subfield>
    <subfield code="r">2026-04-10 16:07:21</subfield>
    <subfield code="w">2026-04-10</subfield>
    <subfield code="y">RN</subfield>
  </datafield>
  <datafield tag="952" ind1=" " ind2=" ">
    <subfield code="0">0</subfield>
    <subfield code="1">0</subfield>
    <subfield code="4">0</subfield>
    <subfield code="7">0</subfield>
    <subfield code="a">BCEJYS</subfield>
    <subfield code="b">BCEJYS</subfield>
    <subfield code="c">17</subfield>
    <subfield code="d">2013-01-01</subfield>
    <subfield code="h">N&#xBA; 1/A - ene. 2013</subfield>
    <subfield code="l">0</subfield>
    <subfield code="o">H34 LEG 1/A 2013</subfield>
    <subfield code="p">R06628</subfield>
    <subfield code="r">2026-04-10 16:07:21</subfield>
    <subfield code="w">2026-04-10</subfield>
    <subfield code="y">RN</subfield>
  </datafield>
  <datafield tag="952" ind1=" " ind2=" ">
    <subfield code="0">0</subfield>
    <subfield code="1">0</subfield>
    <subfield code="4">0</subfield>
    <subfield code="7">0</subfield>
    <subfield code="a">BCEJYS</subfield>
    <subfield code="b">BCEJYS</subfield>
    <subfield code="c">17</subfield>
    <subfield code="d">2012-12-01</subfield>
    <subfield code="h">N&#xBA; 9/D - dic. 2012</subfield>
    <subfield code="l">0</subfield>
    <subfield code="o">H34 LEG 9/D 2012</subfield>
    <subfield code="p">R07869</subfield>
    <subfield code="r">2026-04-10 16:07:21</subfield>
    <subfield code="w">2026-04-10</subfield>
    <subfield code="y">RN</subfield>
  </datafield>
</record>
